Learning Java through applications : A graphical approach
Guardado en:
| Autor principal: | |
|---|---|
| Formato: | Libro |
| Lenguaje: | Undetermined |
| Publicado: |
Hingham, MA
Charles River Media, Inc.
2005
|
| Materias: | |
| Etiquetas: |
Agregar Etiqueta
Sin Etiquetas, Sea el primero en etiquetar este registro!
|
| Thư viện lưu trữ: | Trung tâm Học liệu Trường Đại học Cần Thơ |
|---|
| LEADER | 00594nam a2200205Ia 4500 | ||
|---|---|---|---|
| 001 | CTU_214511 | ||
| 008 | 210402s9999 xx 000 0 und d | ||
| 082 | |a 005.133 | ||
| 082 | |b J37 | ||
| 100 | |a Jarc, Duane J. | ||
| 245 | 0 | |a Learning Java through applications : | |
| 245 | 2 | |b A graphical approach | |
| 245 | 0 | |c Duane J. Jarc | |
| 260 | |a Hingham, MA | ||
| 260 | |b Charles River Media, Inc. | ||
| 260 | |c 2005 | ||
| 650 | |a Java ( Computer program language ) | ||
| 904 | |i Tuyến | ||
| 910 | |a Sách kèm đĩa AV.005084 | ||
| 980 | |a Trung tâm Học liệu Trường Đại học Cần Thơ | ||